000 00494nam a2200181Ia 4500
005 20250508152302.0
008 008 250505s9999 xx 000 0 eng d
037 _aTextual
040 _aFEDL
_beng
_cFEDL
041 _aeng
_2eng
084 _a922, ABH
_qFEDL
100 _aAbhedananda
245 0 _aGreat saviours of the world
260 _aCalcutta, India
_bRamakrishna Vedanta Math
_c1957
300 _axii,330p.
942 _cTEXL
_h922, ABH
999 _c1335504
_d1335504